The Neighbourhood Album Quiz - Statistics

General Stats
  • This quiz has been taken 16 times
  • The average score is 7 of 13
Answer Stats
Picture Answer % Correct
Chip Chrome & The Mono-Tones
87%
Chip Chrome & The Mono-Tones (Delux)
87%
I Love You.
87%
Wiped Out!
87%
.(((((ultraSOUND)))))
73%
#000000 & #FFFFFF
67%
Hard to Imagine the Neighbourhood Ever Changing
67%
I'm Sorry...
40%
I Love You. (10th Anniversary)
33%
The Neighbourhood
33%
.(((((ultraSOUND))))) + (Delux)
33%
Thank You,
27%
Wiped Out! 10th Anniversary
27%
No matching quizzes found
Score Distribution
Percent of People with Each Score
Percentile by Number Answered
Your Score History
You have not taken this quiz